000 00431nam a2200181Ia 4500
005 20250603144621.0
008 250603s9999 xx 000 0 und d
020 _a978-0-13-264540-3 / 0-13-246540-X
050 _aQA 76.73.C153 .D45/
100 _aDeitel, Paul
245 0 _aC++ : how to program
250 _a7th ed.
260 _aNew Jersey
260 _bPearson
260 _c2010
650 _aNew Jersey
942 _cBK
999 _c39447
_d39447